Cómo preparar un examen tipo test /

Guardado en:
Detalles Bibliográficos
Autor principal: Bes-Rastrollo, Maira (autor)
Otros autores: Jiménez-Ruiz, Francisco Javier (autor) (autor), Martínez-González, Miguel Angel, 1957- (autor) (autor)
Formato: Libro
Idioma:Español
Publicado: Pamplona, España : Universidad de Navarra, 2009, c2009
Edición:2a edición
Temas:
Etiquetas: Agrega una etiqueta
Sin etiquetas, Sé el primero en etiquetar este registro!

MARC

LEADER 00000nam^a2200000^a^4500
001 000309928
005 20250521000000.0
009 20260310113002.225
020 |a 978-84-313-2644-9 
037 |a Acervo ITESO - Biblioteca 
041 |a ESP 
082 |a 371. 271  |b BES 
100 |a Bes-Rastrollo, Maira  |e (autor) 
245 1 0 |a Cómo preparar un examen tipo test /  |c M. Bes-Rastrollo, F.J. Jiménez-Ruiz, M.A. Martínez-González. 
250 |a 2a edición 
264 4 |a Pamplona, España :  |b Universidad de Navarra,  |c 2009, c2009 
300 |a 138 p. 
336 |a texto  |b txt  |2 rdacontenido 
337 |a sin mediación  |b n  |2 rdamedio 
338 |a volumen  |b nc  |2 rdasoporte 
649 |a XX 
650 |a Razonamiento Lógico 
650 |a Biología -  |x Estudio y Enseñanza 
650 |a Matemáticas -  |x Estudio y Enseñanza 
650 |a Química -  |x Estudio y Enseñanza 
650 |a Pruebas de Conocimiento -  |x Tema Principal 
650 |a Evaluación del Alumno -  |x Tema Principal 
650 |a Evaluación Educativa 
650 |a Proceso Educativo 
650 |a Educación 
700 |a Jiménez-Ruiz, Francisco Javier  |e (autor) 
700 |a Martínez-González, Miguel Angel,  |d 1957-  |e (autor) 
910 |a Fondo General 
920 |a Impresos - Libros 
930 |a Colección General 
905 |a 101 
901 |a 0500196457  |b IT1  |c ACC  |i C125353  |u 20250521 
902 |a https://opac.biblio.iteso.mx/vufind/Record/000309928